00550nam a22001817a 450000500170000000800410001701000140005802000150007202000160008703500130010308200130011624500950012926000390022426000090026330000200027250000500029270000260034220081022114027.0081022t xxu||||| |||| 00| 0 eng d aENG-84298 a0195683684 c595.00 (hb) aEN-67831 a333.954  aDemocracy and diversity :bIndia and the American experience /cedited by K Shankar Bajpai aNew DelhibOxford University Press c2007 axxiv,312pc22cm aIncludes bibliographical references and index aBajpai, K Shankarced